000 01503nam0a22003251 4500
001 rc\3627718
005 20260406083259.0
021 _aRU
_b[74-12938]
035 _a(NLR Aleph) 007878102
090 _a7900627
_c7900627
100 _a20130115d1973 |||y0rusy50 ca
101 1 _arus
_cbel
102 _aRU
105 _aa z |||||
200 1 _aСолнце за решеткой
_aЛукишки
_eРоманы
_fАвториз. пер. с белорус. В. Севрюка
_g[Ил.: В.В. Морозов]
210 _aМосква
_cСов. писатель
_d1973
215 _a608 с.
_cил.
_d21
300 _a2-я и 3-я кн. трилогии. Продолж. книги "Кресы борются"
300 _aПеред загл. авт.: Михась Машара
606 _aНационально-освободительное движение в Западной Белоруссии
_z20 в. (х. л.)
_2psbo
606 _aРеволюционное движение в Западной Белоруссии
_z20 в. (х. л.)
_2psbo
700 1 _7ca
_8rus
_aМашара
_bМ. А.
_f1902-1976
_gМихаил Антонович
_3RU\NLR\AUTH\770278036
_92650003
702 1 _aСеврюк
_bВ.
_4730
702 1 _aМорозов
_bВ.В.
_4440
790 1 _7ca
_8rus
_aМашара
_bМ. А.
_f1902-1976
_gМихаил Антонович
_3RU\NLR\AUTH\770278036
_92650003
801 0 _aRU
_bNLR
_gpsbo
801 1 _aRU
_bELAR
_2rusmarc
852 _aNLR
_j73-5/6529
942 _cBOOK
980 _aNB